000 00802nam a2200253 i 4500
001 bgj
100 1 _aGAMLIN, Linda
245 1 0 _aThe Deer in the Forest /
_ctext by Linda Gamlin ; photographs by Oxford Scientific Films.
260 _aMilwaukee :
_bGareth Stevens Publishing,
_c1988.
300 _a32 pp :
_bphotos ;
_c25 cm.
490 1 _aAnimal Habitats
505 _aText and photographs depict deer feeding, breeding and defending themselves in their natural habitats.
650 9 _aDeer
_xHabitat
650 9 _aMammals
_xHabitat
655 _aJuvenile literature
710 _aOxford Scientific Films
830 _aAnimal Habitats
020 _a1555322735
040 _cBPK
041 0 _aeng
920 _a1-55532-273-5
942 _cKS
008 s uk f |000 0 eng
999 _c47402
_d47402
856 _uhttp://koha.tu.koszalin.pl/cgi-bin/koha/opac-detail.pl?biblionumber=47402
_yKatalog online BPK